000 00389 a2200169 4500
001 11218
020 _a9788537303962
040 _cAnchieta - Aquarius
100 _aLeite, Isabelle Diniz Cerqueira
240 1 0 _aMeu aniversário sumiu
_lpor
245 1 0 _aMeu aniversário sumiu
300 _a33
362 0 _a2008
440 1 _aBagaço
650 4 _aLiteratura infantil
942 _cBK
999 _c11218
_d11218